00547nam a22001817a 450000500170000001000150001702000260003203500140005803700130007208200130008510000200009824500820011825000120020026000410021227000530025330000200030650000390032620181106155030.0 aENG-124454 a9788192769400c995.00 aEN-107986 bDBAD/PUB a954.0841 aKshirsagar R.K. aDalit movement in india and its leaders:cby R.K. Kshirsagarb(1857 - 1956) / a2nd ed. aNew DelhibPrints Publicationsc2017 aPrints House, 11, Darya Ganj,bNew Delhie110002 a497p.c22cm(Hb) aIt includes bibliography and index